Základný nový keynesiánsky model

V súčasnosti sa modely DSGE využívajú ako jeden zo základných nástrojov makroekonomickej analýzy a analýzy príčin vzniku ekonomických fluktuácií. Na princípe modelov DSGE fungujú aj modely novej keynesiánskej koncepcie.

Guardado en:
Detalles Bibliográficos
Autor principal: Feješ, Martin
Formato: Capítulo de libro
Lenguaje:eslovaco
Materias:
Etiquetas: Agregar Etiqueta
Sin Etiquetas, Sea el primero en etiquetar este registro!

MARC

LEADER 00000nla a2200000 4500
001 0185710
005 20240502083438.2
041 0 |a slo 
044 |a CZ 
245 1 0 |a Základný nový keynesiánsky model  |c Martin Feješ 
520 |a V súčasnosti sa modely DSGE využívajú ako jeden zo základných nástrojov makroekonomickej analýzy a analýzy príčin vzniku ekonomických fluktuácií. Na princípe modelov DSGE fungujú aj modely novej keynesiánskej koncepcie. 
610 2 0 |a modely DSGE 
610 2 0 |a modely dynamické 
610 2 0 |a modely stochastické 
610 2 0 |a analýzy 
100 1 |a Feješ, Martin